01052nam a2200229Ia 4500008004100000020002000041040001400061082002100075100002300096245006500119260004700184300001200231365002800243366000900271505001000280530006500290536002800355620028900383630006500672650002000737730006500757100315s9999 xx 000 0 und d a0-07-058860-0  cENGLISH  b4726 a808.51  a"LEEDS , DOROTHY " a"POWER SPEAK : ENGAGE , INSPIRE & STIMULATE YOUR AUDIENCE ." aNEW DELHI bTata McGraw - Hill  c2004  a286P   eRupees d1 b156.00  f20  gDBH  bROYAL BOOK DISTRIBUTORS 8520/15-09-2004 a8520/15-09-2004  a01/04/2004-31/03/2005  a"GETTING READY TO BE A POWERFUL SPEAKER, HOW TO OVERCOME THE 6 MAJOR SPEAKING FAULTS, CONQUER THE TROUBLE SPOTS : THE BASIC - OPENINGS, TRANSATIONS, CONCLUSIONS, QUESTIONS AND ANSWERS, AND VISUAL AIDS, SPECIAL SPEAKING SITUATIONS, SUCCESS IS TURNING KNOWLEDGE INTO POSITIVE ACTION. " a"POWER SPEAK : ENGAGE , INSPIRE & STIMULATE YOUR AUDIENCE ." aCOMMUNICATION  a"POWER SPEAK : ENGAGE , INSPIRE & STIMULATE YOUR AUDIENCE ."